بداية يوم القيامة أرض المحشر - الحوض الشفاعة العظمى / (Record no. 109673)

MARC details
000 -LEADER
fixed length control field 00688nam a22002177a 4500
005 - DATE AND TIME OF LATEST TRANSACTION
control field 20251108173656.0
008 - FIXED-LENGTH DATA ELEMENTS--GENERAL INFORMATION
fixed length control field 250721s2007 xx 000 0 ara d
082 14 - DEWEY DECIMAL CLASSIFICATION NUMBER
Classification number م/214.5/صوف
100 1# - MAIN ENTRY--PERSONAL NAME
Personal name الصوفي، ماهر أحمد
245 10 - TITLE STATEMENT
Title بداية يوم القيامة أرض المحشر - الحوض الشفاعة العظمى /
264 1# - PRODUCTION, PUBLICATION, DISTRIBUTION, MANUFACTURE, AND COPYRIGHT NOTICE
Place of production, publication, distribution, manufacture صيدا :
Name of producer, publisher, distributor, manufacturer المكتبة العصرية،
Date of production, publication, distribution, manufacture, or copyright notice 2007.
300 ## - PHYSICAL DESCRIPTION
Extent 159ص.
490 0# - SERIES STATEMENT
Series statement موسوعة اللآخرة
650 17 - SUBJECT ADDED ENTRY--TOPICAL TERM
Topical term or geographic name as entry element اليوم الآخر
650 17 - SUBJECT ADDED ENTRY--TOPICAL TERM
Topical term or geographic name as entry element العقيدة الدينية
650 17 - SUBJECT ADDED ENTRY--TOPICAL TERM
Topical term or geographic name as entry element جهنم
650 17 - SUBJECT ADDED ENTRY--TOPICAL TERM
Topical term or geographic name as entry element الجنة
650 17 - SUBJECT ADDED ENTRY--TOPICAL TERM
Topical term or geographic name as entry element عذاب القبر
942 ## - ADDED ENTRY ELEMENTS (KOHA)
Source of classification or shelving scheme Dewey Decimal Classification
Koha item type References
Holdings
حالة السحب حالة الفقدان مصدر التصنيف حالة التلف غير قابل للإعارة المكتبة الرئيسية المكتبة الحالية موقع الرف تاريخ التزويد الرقم المتسلسل Total Checkouts رقم الإستدعاء الباركود تاريخ آخر ظهور تاريخ الفاتورة نوع المادة (كوها)
    Dewey Decimal Classification   Not For Loan المكتبة المركزية المكتبة المركزية مراجع 28/07/2025 1136640   م/214.5/صوف 1136640 28/07/2025 28/07/2025 References
Implemented & Customized by: BBB with SCIT (Smart Chains for Information Technology)

Powered by Koha